| 000 | 00647nam a2200193Ii 4500 | ||
|---|---|---|---|
| 003 | JO-AjNU | ||
| 008 | 230605s9999||||xx |||||||||||||| ||und|| | ||
| 040 |
_aJO-AjNU _bara _erda _cJO-AjNU |
||
| 041 | _aara | ||
| 050 | 1 | 4 | _aPR2805.A62 1985 |
| 100 | 3 |
_aشكسبير، وليم, _eauthor _910072 |
|
| 245 | 0 | 0 | _aمأساة كريولانس: مأساة من خمسة فصول |
| 264 | 3 | 1 | _aبيروت: دار مكتبة الحياة،1985 |
| 300 | _a215ص | ||
| 336 |
_atext _btxt _2rdacontent |
||
| 337 |
_aunmediated _bn _2rdamedia |
||
| 338 |
_avolume _bnc _2rdacarrier |
||
| 650 | 4 |
_aالمسرح الإنجليزي - وليم شكسبير _910073 |
|
| 999 |
_aA1622 _c5190 _d5190 |
||